书目信息 |
| 题名: |
分子细胞生物学
|
|
| 作者: | 卡普, 著 ;王喜忠 , 丁明孝 , 张传茂 主译 | |
| 分册: | ||
| 出版信息: | 北京 高等教育出版社 2005.07 |
|
| 页数: | xv, 792页 | |
| 开本: | 28cm | |
| 丛书名: | 国外优秀生命科学教材译丛 | |
| 单 册: | ||
| 中图分类: | Q7 | |
| 科图分类: | ||
| 主题词: | 分子生物学--fen zi sheng wu xue--细胞生物学 | |
| 电子资源: | ||
| ISBN: | 7-04-015850-7 | |
| 000 | 01372nam 2200337 450 | |
| 001 | 012006684828 | |
| 005 | 20061018102930.17 | |
| 010 | @a7-04-015850-7@dCNY200.00 | |
| 100 | @a20061007d2005 km y0chiy0120 ea | |
| 101 | 1 | @achi@ceng |
| 102 | @aCN@b110000 | |
| 105 | @aa a 001yy | |
| 200 | 1 | @a分子细胞生物学@Afen zi xi bao sheng wu xue@d= Cell and Molecular Biology@f(美) Gerald Karp著@F(mei)Gerald Karp zhu@g王喜忠 … [等] 主译@Gwang xi zhong…[deng]zhu yi@zeng |
| 210 | @a北京@c高等教育出版社@d2005.07 | |
| 215 | @axv, 792页@c图 (部分彩图)@d28cm | |
| 225 | 2 | @a国外优秀生命科学教材译丛@Aguo wai you xiu sheng ming ke xue jiao cai yi cong |
| 304 | @a其他主译还有: 丁明孝, 张传茂, 杨玉华 | |
| 305 | @a据原书第3版译出 | |
| 314 | @a责任者 (Karp) 规范汉译姓是 : 卡普 | |
| 320 | @a有书目和索引 | |
| 330 | @a本书内容包括:分子细胞生物学引言、生命的化学基础、质膜的结构与功能、有氧呼吸与线粒体、光合作用与叶绿体、细胞与其环境之间的相互作用等。 | |
| 410 | 0 | @12001 @a国外优秀生命科学教材译丛 |
| 510 | 1 | @aCell and Molecular Biology@zeng |
| 606 | 0 | @a分子生物学@Afen zi sheng wu xue@x细胞生物学 |
| 690 | @aQ7@v4 | |
| 701 | 1 | @a卡普,@Aka pu,@bG.@g(Karp, Gerald)@4著 |
| 702 | 0 | @a王喜忠@Awang xi zhong@4主译 |
| 702 | 0 | @a丁明孝@Ading ming xiao@4主译 |
| 702 | 0 | @a张传茂@Azhang chuan mao@4主译 |
| 801 | 0 | @aCN@c20061018 |
| 905 | @a10447@dQ7@eK078 | |
| 分子细胞生物学= Cell and Molecular Biology/(美) Gerald Karp著/王喜忠 … [等] 主译.-北京:高等教育出版社,2005.07 |
| xv, 792页:图 (部分彩图);28cm.-(国外优秀生命科学教材译丛) |
| ISBN 7-04-015850-7:CNY200.00 |
| 本书内容包括:分子细胞生物学引言、生命的化学基础、质膜的结构与功能、有氧呼吸与线粒体、光合作用与叶绿体、细胞与其环境之间的相互作用等。 |
| ● |
| 相关链接 |
|
|
|
正题名:分子细胞生物学
索取号:Q7/K078
 
预约/预借
| 序号 | 登录号 | 条形码 | 馆藏地/架位号 | 状态 | 备注 |
| 1 | 223101 | 202231012 | 自科库401/401自科库 30排3列4层/ [索取号:Q7/K078] | 在馆 |